[Event "ACL-A122"]
[Site "www.playchess.de"]
[Date "2001.04.03"]
[Round "1"]
[White "Mother_Teresa"]
[Black "DrNickRiviera"]
[WhiteElo "1497"]
[BlackElo "1500"]
[PlyCount "88"]
[Result "0-1"]

1.e4 c5 2.Nf3 Nc6 3.Bc4 e5 4.d3 Nf6 5.O-O Be7 
6.Bg5 d6 7.a3 Bg4 8.h3 Bh5 9.g4 Bg6 10.Nc3 O-O 
11.Nh4 Nxe4 12.Bxe7 Nxc3 13.Bxd8 Nxd1 14.Nxg6 hxg6 
15.Raxd1 Raxd8 16.c3 Rde8 17.Bb5 Rec8 18.f3 f5 
19.Bc4+ Kh7 20.g5 a5 21.h4 Rfd8 22.Kg2 d5 23.Bb5 
Na7 24.Ba4 b5 25.Bc2 Nc6 26.b3 b4 27.axb4 axb4 
28.c4 Nd4 29.Rf2 dxc4 30.bxc4 b3 31.Bb1 Rcb8 
32.Re1 Nc6 33.f4 exf4 34.Rxf4 b2 35.Rf2 Rb7 
36.Ree2 Rdb8 37.Kg3 R7b6 38.Red2 Nd4 39.Rfh2 f4+ 
40.Kxf4 Rf8+ 41.Kg4 Nf3 42.h5 Nxh2+ 43.Rxh2 Rf1 
44.hxg6+ Kxg6 0-1

[Event "HCL-B224"]
[Site "www.playchess.de"]
[Date "2001.04.03"]
[Round "18"]
[White "Bauernopfer"]
[Black "Whatever"]
[WhiteElo "1336"]
[BlackElo "1473"]
[PlyCount "77"]
[Result "1-0"]

1.e4 {This time I will win. ;) Good game.}  c5 {I 
will try my best to get at least a draw :-). Good 
game to you too.}  2.Nf3 {.}  Nc6 3.d4 cxd4 4.Nxd4 
g6 5.Bb5 Bg7 6.c3 Nf6 7.f3 Qb6 8.Bxc6 bxc6 9.Nd2 
O-O 10.Nc4 Qb8 11.Ne3 Bb7 12.Nb3 d5 13.Nc5 Rd8 
14.e5 Nd7 15.Nxb7 Qxb7 16.f4 e6 17.O-O Bf8 18.b3 
Nc5 19.Ba3 Ne4 20.Bxf8 Kxf8 21.Qd3 Qb5 22.c4 Qb6 
23.Rad1 Ke7 24.Rfe1 Qa5 25.Qc2 Rab8 26.g3 Qb6 
27.Kh1 a5 28.Rd3 Qb4 29.Red1 Rb7 30.Ng4 h5 {Let's 
check one more idea.}  31.Ne3 {We can continue 
playing for hours!}  Rh8 32.cxd5 {.}  cxd5 
33.R3xd5 Nc3 34.R5d4 {Very good move. I haven't 
seen it.}  Qc5 {Starting with cxd5 I haven't seen 
a lot of moves.}  35.R1d3 {.}  Rb4 36.R4d7+ Kf8 
{You are not giving me any breaks nomore?}  
37.Rxc3 {I think you will lose.}  Qb5 {I think you 
are right - cxd5}  38.Rc8+ {.}  Kg7 
39.Rxf7+ 1-0

[Event "ACL-A117"]
[Site "www.playchess.de"]
[Date "2001.04.03"]
[Round "14"]
[White "Emro"]
[Black "Flab"]
[WhiteElo "1500"]
[BlackElo "1500"]
[PlyCount "41"]
[Result "1-0"]

1.d4 d5 2.c4 dxc4 3.Nd2 b5 4.e3 c6 5.a4 h5 6.axb5 
cxb5 7.Qf3 Nc6 8.Qxc6+ Bd7 9.Qf3 e6 10.Ne2 Rc8 
11.Rxa7 f5 12.Nf4 Bc6 13.Qd1 Rc7 14.Nxe6 Qd7 
15.Nxc7+ Kf7 16.Nxb5 Bb4 17.Rxd7+ Bxd7 18.Bxc4+ 
Kf8 19.O-O Ne7 20.Qf3 Rh6 21.Qa8+ 1-0

[Event "HCL-B229"]
[Site "www.playchess.de"]
[Date "2001.04.03"]
[Round "6"]
[White "Michael"]
[Black "vijal"]
[WhiteElo "929"]
[BlackElo "1500"]
[PlyCount "124"]
[Result "0-1"]

1.Nc3 d5 2.d4 Nf6 3.g3 c6 4.Nf3 e6 5.Ne5 Nbd7 
6.Bf4 Nxe5 7.dxe5 Ne4 8.Nxe4 dxe4 9.Bg2 Bc5 
10.Bxe4 Qxd1+ 11.Rxd1 Bd7 12.O-O O-O-O 13.Bg5 Rde8 
14.b3 h6 15.Be3 Bb6 16.Bxb6 axb6 17.a4 f5 18.exf6 
gxf6 19.h4 f5 20.Bf3 e5 21.e4 f4 22.g4 Reg8 23.Bg2 
Rxg4 24.f3 Rg3 25.c4 Rhg8 26.Rf2 Bh3 27.Kf1 Bxg2+ 
28.Ke1 Bxf3 29.Rd6 Bxe4 30.Rxh6 Rh3 31.Re2 Rg1+ 
32.Kf2 Rg2+ 33.Ke1 Rh1+ 34.Kd2 Rhh2 35.Rh8+ Kc7 
36.Rxg2 Rxg2+ 37.Kc3 c5 38.b4 Rh2 39.bxc5 bxc5 
40.h5 f3 41.h6 Rf2 42.Re8 Rc2+ 43.Kb3 f2 44.Rf8 
Kc6 45.Rf6+ Kc7 46.Rf7+ Kd6 47.Rf6+ Ke7 48.h7 Bxh7 
49.Rf3 Bd3 50.a5 f1Q {%}  51.Rxf1 Bxf1 52.Kxc2 
Bxc4 53.Kd2 Kd6 54.Ke3 Kd5 55.Kd2 e4 56.Ke3 Bd3 
57.Kd2 Kd4 58.Ke1 e3 59.Kd1 Kc3 60.Ke1 e2 61.a6 
bxa6 62.Kf2 {call it a draw!!}  
Kd2 0-1

[Event "ACL-A112"]
[Site "www.playchess.de"]
[Date "2001.04.03"]
[Round "15"]
[White "BaseballFan"]
[Black "vijal"]
[WhiteElo "1500"]
[BlackElo "1500"]
[PlyCount "37"]
[Result "1-0"]

1.d4 d5 2.e4 dxe4 3.Nc3 Nf6 4.f3 exf3 5.Nxf3 h6 
6.Bc4 e6 7.O-O Be7 8.Ne5 Nbd7 9.Be3 Nxe5 10.dxe5 
Qxd1 11.Raxd1 c6 12.exf6 Bxf6 13.Ne4 Be5 14.Nd6+ 
Bxd6 15.Rxd6 O-O 16.a4 a6 17.Bb6 e5 18.Bxf7+ Kh8 
19.h3 1-0

[Event "HCL-B215"]
[Site "www.playchess.de"]
[Date "2001.04.03"]
[Round "7"]
[White "Mulder_500"]
[Black "victor"]
[WhiteElo "1500"]
[BlackElo "1300"]
[PlyCount "49"]
[Result "1-0"]

1.e4 {Have a nice game}  e6 2.d4 d5 3.Nd2 dxe4 
4.Nxe4 Qd5 5.Bd3 Nf6 6.Nxf6+ gxf6 7.Nf3 Rg8 8.Bf4 
Bd6 9.Bg3 Bxg3 10.hxg3 Rh8 11.Rxh7 Rxh7 12.Bxh7 
Qh5 13.Bd3 Qh1+ 14.Bf1 Bd7 15.Qe2 a6 16.O-O-O Qh6+ 
17.Kb1 Nc6 18.d5 Nd8 19.Nh4 Bb5 20.Qe4 Bxf1 
21.Rxf1 Kd7 22.dxe6+ fxe6 23.Rd1+ Kc8 24.Qd4 Qf8 
25.Qd7+ 1-0

[Event "HCL-B215"]
[Site "www.playchess.de"]
[Date "2001.04.03"]
[Round "20"]
[White "terrydean"]
[Black "Mulder_500"]
[WhiteElo "1341"]
[BlackElo "1500"]
[PlyCount "58"]
[Result "0-1"]

1.e4 {Good Luck}  e5 2.Nf3 Nf6 {have a nice game}  
3.Nxe5 d6 4.Nf3 Nxe4 5.d3 Nf6 6.Bg5 Be7 7.Nc3 c6 
8.Be2 O-O 9.O-O Bg4 10.Nd4 Bxe2 11.Qxe2 Qd7 
12.Rae1 Bd8 13.Qf3 Na6 14.Nf5 Nc5 15.d4 Ne6 16.Bh4 
d5 17.Red1 g6 18.Ne3 Nh5 19.Bxd8 Qxd8 20.Ng4 Qb6 
21.Ne2 Rae8 22.Qc3 f5 23.Ne5 Re7 24.Rfe1 Rfe8 
25.b3 c5 26.dxc5 Nxc5 27.Nc1 Ne4 28.Qe3 Qxe3 
29.Rxe3 R7xe5 0-1

[Event "HCL-C228"]
[Site "www.playchess.de"]
[Date "2001.04.03"]
[Round "19"]
[White "craigsadler"]
[Black "dijk"]
[WhiteElo "721"]
[BlackElo "1000"]
[PlyCount "70"]
[Result "0-1"]

1.e4 e5 2.Nf3 Nc6 3.Bc4 d6 4.O-O Bg4 5.c3 Nf6 
6.Re1 Be7 7.d4 exd4 8.cxd4 Bxf3 9.Qxf3 Nxd4 10.Qd3 
Nc6 11.Nc3 O-O 12.Bg5 Ne5 13.Qd4 Nxc4 14.Qxc4 h6 
15.Bxf6 Bxf6 16.Rad1 Bxc3 17.Qxc3 Qd7 18.h3 Rfe8 
19.Re3 Qc6 20.Qxc6 bxc6 21.Rc1 c5 22.e5 Rab8 23.b3 
Rb5 24.exd6 Rxe3 25.fxe3 cxd6 26.Rd1 Rb6 27.Kf2 
Kf8 28.Kf3 Ke7 29.g4 Ke6 30.Ke4 Rb4+ 31.Kd3 a5 
32.Kc3 a4 33.bxa4 Rxa4 34.Kb3 Re4 35.Rd3 
c4+ 0-1

[Event "ACL-A113"]
[Site "www.playchess.de"]
[Date "2001.04.03"]
[Round "1"]
[White "guerino"]
[Black "RMil"]
[WhiteElo "1325"]
[BlackElo "1500"]
[PlyCount "47"]
[Result "1-0"]

1.e4 e5 2.Nf3 Nc6 3.Bb5 Nf6 4.O-O Bc5 5.Nxe5 Nxe5 
6.d4 Bxd4 7.Qxd4 Qe7 8.Bf4 Nc6 9.Bxc6 dxc6 10.f3 
c5 11.Qe3 O-O 12.Nc3 c6 13.Rfd1 Rd8 14.Bg5 Bf5 
15.Kf2 Rxd1 16.Rxd1 Bd7 17.e5 h6 18.exf6 Qxe3+ 
19.Bxe3 g6 20.Rxd7 b6 21.Rc7 Re8 22.Rxc6 Re6 
23.Rxe6 fxe6 24.Bxh6 1-0

[Event "ACL-A129"]
[Site "www.playchess.de"]
[Date "2001.04.03"]
[Round "1"]
[White "trebli"]
[Black "pirco"]
[WhiteElo "1500"]
[BlackElo "1500"]
[PlyCount "42"]
[Result "0-1"]

1.e4 d6 2.d4 Nf6 3.Nc3 g6 4.Bb5+ c6 5.Bc4 Bg7 
6.Nf3 b5 7.Bb3 b4 8.Ne2 Nxe4 9.Rf1 O-O 10.Qd3 Bf5 
11.Qc4 a5 12.Ng5 d5 13.Qd3 Nxg5 14.Qd1 e5 15.Bxg5 
Qxg5 16.Ng3 a4 17.a3 axb3 18.cxb3 Re8 19.axb4 
exd4+ 20.Ne2 Bd3 21.Qxd3 Rxa1+ 0-1

[Event "HCL-B237"]
[Site "www.playchess.de"]
[Date "2001.04.03"]
[Round "20"]
[White "jefersonmello"]
[Black "sboehnisch"]
[WhiteElo "1247"]
[BlackElo "1200"]
[PlyCount "59"]
[Result "1-0"]

1.e4 e5 2.Nf3 Nc6 3.Bb5 Nf6 4.O-O Nxe4 5.Re1 d5 
6.d3 Nxf2 7.Kxf2 Bd6 8.Nxe5 Qf6+ 9.Qf3 O-O 10.Qxf6 
gxf6 11.Nxc6 bxc6 12.Bxc6 Rb8 13.Bxd5 f5 14.Nd2 
Bxh2 15.g3 f4 16.gxf4 Bxf4 17.Ne4 Rb6 18.Bxf4 Rxb2 
19.Bb3 Kg7 20.Reg1+ Kh8 21.Be5+ f6 22.Bxb2 h6 
23.Ke1 Kh7 24.Nxf6+ Kh8 25.Nh5+ Kh7 26.Rg7+ Kh8 
27.Rg8+ Kh7 28.Rxf8 Kg6 29.Rxc8 Kxh5 
30.Rg8 1-0

[Event "HCL-B242"]
[Site "www.playchess.de"]
[Date "2001.04.03"]
[Round "9"]
[White "player27"]
[Black "Whatever"]
[WhiteElo "1454"]
[BlackElo "1505"]
[PlyCount "59"]
[Result "1/2-1/2"]

1.b4 {*handshake* Good luck!}  d5 {Have a good 
game.}  2.Bb2 Bf5 3.e3 e6 4.Nf3 Nf6 5.a3 c5 6.c4 
cxb4 7.axb4 Be7 8.Qa4+ Qd7 9.Qxd7+ Nbxd7 10.Nd4 
Bg6 11.c5 O-O 12.c6 bxc6 13.Nxc6 Bd6 14.b5 Rfc8 
15.Ba3 Nc5 16.d4 Nb3 17.Bxd6 Nxa1 18.Ne7+ Kh8 
19.Nxc8 Rxc8 20.Nd2 { (}  Rc1+ 21.Ke2 Nd7 22.h4 
Nc2 23.Nb3 Rb1 24.Nc5 Nxc5 25.dxc5 Rxb5 26.h5 Bf5 
27.Kd2 Rb1 28.g4 Be4 {Nice surprise}  29.Bg2 { )}  
Rxh1 30.Bxh1 1/2-1/2

[Event "HCL-A105"]
[Site "www.playchess.de"]
[Date "2001.04.03"]
[Round "9"]
[White "LUPES"]
[Black "Hubble"]
[WhiteElo "1809"]
[BlackElo "1628"]
[PlyCount "49"]
[Result "1-0"]

1.e4 {Hallo!Auf ein tolles Match}  e5 2.Bc4 Nf6 
3.Nc3 Nc6 4.Nf3 Be7 5.O-O O-O 6.d3 d6 7.a3 Bg4 
8.h3 Bh5 9.Be3 a6 10.Nd5 Nxd5 11.Bxd5 Bg6 12.c3 
Kh8 13.Qb3 Na5 14.Qa4 c6 15.Ba2 f5 16.b4 fxe4 
17.dxe4 Bxe4 18.Bb6 Qxb6 19.bxa5 Qc5 20.Qxe4 Qxc3 
21.Rab1 Rab8 22.Qb4 Qc2 23.Rb2 Qg6 24.Nxe5 dxe5 
25.Qxe7 1-0

[Event "HCL-C241"]
[Site "www.playchess.de"]
[Date "2001.04.03"]
[Round "30"]
[White "Venezuela"]
[Black "Coney"]
[WhiteElo "1000"]
[BlackElo "1109"]
[PlyCount "34"]
[Result "0-1"]

1.e4 e5 2.d4 exd4 3.Qxd4 Nc6 4.Qd1 Bc5 5.Qf3 Nd4 
6.Qc3 d6 7.Be3 Bb4 8.Qxb4 Nxc2+ 9.Kd1 {that was a 
good one.}  Nxb4 10.Na3 Bg4+ 11.Be2 Bxe2+ 12.Nxe2 
Qf6 13.Bd4 Qg6 14.g3 Qxe4 15.Re1 Qd3+ 16.Kc1 Kf8 
17.Nf4 Qxd4 0-1

[Event "HCL-C241"]
[Site "www.playchess.de"]
[Date "2001.04.03"]
[Round "36"]
[White "Trickster"]
[Black "Coney"]
[WhiteElo "904"]
[BlackElo "1109"]
[PlyCount "44"]
[Result "0-1"]

1.d4 d5 2.Nc3 Nf6 3.Nf3 Nc6 4.Bg5 h6 5.Bxf6 exf6 
6.Qd3 Bb4 7.O-O-O O-O 8.Nb5 a6 9.Na3 Re8 10.c3 
Bxa3 11.bxa3 g6 12.Re1 Bf5 13.Qd2 Kg7 14.e3 Qd6 
15.Qb2 b5 16.Qb4 Nxb4 {A bit early for Christmas 
presents !!}  17.axb4 Qb6 18.Nh4 Bd7 19.f4 a5 
20.Re2 axb4 21.cxb4 {I've just resigned against 
McLeod}  Ra3 22.Rc2 Rexe3 0-1

[Event "HCL-B233"]
[Site "www.playchess.de"]
[Date "2001.04.03"]
[Round "30"]
[White "Hamburger"]
[Black "ademarmr"]
[WhiteElo "1491"]
[BlackElo "1714"]
[PlyCount "51"]
[Result "1-0"]

1.d4 d5 2.c4 Nf6 3.Nc3 dxc4 4.e3 e6 5.Bxc4 Be7 
6.Nf3 O-O 7.O-O b6 8.a3 Bb7 9.b4 a6 10.Bb2 c6 
11.Qc2 Qc7 12.Rad1 Bd6 13.e4 Nbd7 14.e5 Bxe5 
15.dxe5 Nxe5 16.Nxe5 Qxe5 17.Rfe1 Qg5 18.Ne4 Nxe4 
19.Qxe4 Rab8 20.Qe3 Qg6 21.Qxb6 c5 22.Bf1 Bxg2 
23.Qxb8 {now the game gets interesting}  Bf3+ 
24.Qg3 {ups. I think Rxb8 would have been better. 
I think that move force a draw. B f3 was not so 
good.}  Qxg3+ {Yes, you are right, I didn't see 
this move!!}  25.hxg3 Bxd1 26.Rxd1 1-0

[Event "HCL-C250"]
[Site "www.playchess.de"]
[Date "2001.04.03"]
[Round "6"]
[White "Chopz8va"]
[Black "spinny33"]
[WhiteElo "1136"]
[BlackElo "598"]
[PlyCount "65"]
[Result "1-0"]

1.d4 {hi}  e6 {hiya}  2.Nf3 Bd6 {many 
tournaments?}  3.Bg5 {just a couple}  Nf6 4.e3 h6 
5.Bxf6 Qxf6 6.Nbd2 Nc6 7.Bd3 Nb4 8.Be2 Qf5 9.e4 
Qa5 10.c3 Nxa2 11.Bc4 Bf4 12.Rxa2 Qh5 13.e5 b6 
14.g3 d5 15.Bb5+ Bd7 16.Bxd7+ Ke7 17.Bc6 Rad8 
18.gxf4 f6 19.Rxa7 Rdc8 20.Rg1 g5 21.exf6+ Kxf6 
22.fxg5+ hxg5 23.Rxg5 Rcg8 24.Rxh5 Rxh5 25.Rxc7 e5 
26.Nxe5 Rg1+ 27.Nf1 Rxh2 28.Nf3 Rxf1+ 29.Kxf1 Rh1+ 
30.Ng1 Kg5 31.Bxd5 Rh5 32.Qd2+ Kh4 33.Qf4+ {good 
game}  1-0

[Event "HCL-C250"]
[Site "www.playchess.de"]
[Date "2001.04.03"]
[Round "10"]
[White "spinny33"]
[Black "WindsorStar"]
[WhiteElo "598"]
[BlackElo "854"]
[PlyCount "72"]
[Result "0-1"]

1.d4 {hi}  d5 {hi}  2.Qd3 {where do you get the 
name from?}  c6 {Our local newspaper}  3.Nf3 
{cool}  f5 4.g3 Be6 5.Bh3 g6 6.Ne5 Bg7 7.Nc3 Nf6 
8.Nb5 cxb5 9.Qxb5+ Nbd7 10.Bf4 O-O 11.Rc1 a6 {what 
city are you from the U.K}  12.Qxb7 {l am 20 miles 
from london...you?}  Nxe5 {Windsor,Ontario}  
13.dxe5 {is it always snowing there??}  Nd7 {no 
snow now, spring is here}  14.c4 Rb8 15.Qxa6 Rb6 
{*}  16.Qa4 dxc4 17.Rxc4 Rxb2 18.O-O Rxe2 19.g4 
Nxe5 20.gxf5 Rxf5 21.Rd4 Qc7 22.Bxf5 gxf5 23.Bxe5 
Rxe5 24.Qe8+ Bf8 25.Rfd1 Bf7 26.Qd8 Qc6 27.Rb4 Kg7 
28.Qd4 Qg6+ 29.Kf1 Qf6 30.Rb8 e6 31.Qa7 Bc5 32.Qa8 
Qh4 33.Rd2 Rd5 34.Rbb2 Qxh2 35.f4 Qg1+ 36.Ke2 
Bh5+ 0-1

[Event "HCL-C255"]
[Site "www.playchess.de"]
[Date "2001.04.03"]
[Round "29"]
[White "Hubb"]
[Black "IQ"]
[WhiteElo "1101"]
[BlackElo "826"]
[PlyCount "52"]
[Result "0-1"]

1.e4 d6 2.d4 Nf6 3.Nc3 g6 4.Bd3 Bg7 5.Bd2 O-O 
6.Qe2 c5 7.d5 a6 8.h3 Re8 9.O-O-O e6 10.Qf3 b5 
11.a3 Nbd7 12.g4 Nb6 13.g5 Nfd7 14.Nge2 c4 15.dxe6 
fxe6 16.Nf4 cxd3 17.Nxd3 Bb7 18.Rhe1 d5 19.Ne2 
dxe4 20.Qg2 exd3 21.Qxb7 dxe2 22.Rxe2 Nc4 23.Bc3 
Qxg5+ 24.Bd2 Nxd2 25.Rdxd2 Qg1+ 26.Rd1 
Bh6+ 0-1

[Event "HCL-B259"]
[Site "www.playchess.de"]
[Date "2001.04.03"]
[Round "9"]
[White "Henrik009"]
[Black "lonewolf"]
[WhiteElo "1200"]
[BlackElo "1613"]
[PlyCount "56"]
[Result "0-1"]

1.e4 g6 2.f4 Bg7 3.Nf3 d5 4.exd5 Nf6 5.c4 c6 6.Nc3 
cxd5 7.cxd5 Nxd5 8.d4 Be6 9.Bb5+ Nc6 10.O-O O-O 
11.Ne4 Nxd4 12.Nxd4 Qb6 13.Kh1 Bxd4 14.Qe2 Rfd8 
15.Bc4 Rac8 16.Bb3 Nb4 17.Ng5 Bxb3 18.axb3 e6 
19.Qf3 f6 20.Nh3 Rc2 21.Rb1 Bc5 22.Qg4 Qa6 23.Re1 
Nd3 24.Rd1 Rd5 25.f5 Ne5 26.Be3 Nxg4 27.Rxd5 Bxe3 
28.Rd8+ Kg7 0-1

[Event "HCL-B259"]
[Site "www.playchess.de"]
[Date "2001.04.03"]
[Round "31"]
[White "Bill"]
[Black "lonewolf"]
[WhiteElo "1327"]
[BlackElo "1613"]
[PlyCount "137"]
[Result "1/2-1/2"]

1.e4 g6 2.d4 Bg7 3.c3 d5 4.exd5 Qxd5 5.Be2 Nf6 
6.Bf3 Qa5 7.Ne2 O-O 8.O-O Rd8 9.Qb3 Nc6 10.Na3 Qa6 
11.Qb5 Qxb5 12.Nxb5 Bg4 13.Bxg4 Nxg4 14.h3 Nf6 
15.Nxc7 Rac8 16.Nb5 a6 17.Na3 e5 18.Nc2 h6 19.Re1 
Nd5 20.Be3 Rd6 21.Rad1 Nxe3 22.fxe3 f5 23.Ref1 h5 
24.Nc1 Rcd8 25.Nd3 b6 26.Ndb4 Nxb4 27.Nxb4 a5 
28.Nd3 R6d7 29.Kf2 Kh7 30.g3 Kh6 31.Kg2 Kh7 32.a4 
Re7 33.Rf2 Kh6 34.Rdf1 Kg5 35.Ne1 Kh6 36.Nf3 Bf6 
37.Rh1 Kg7 38.Re1 Rde8 39.Ref1 Rc7 40.Rg1 Kg8 
41.Rd1 e4 42.Nd2 Be7 43.Rff1 Bg5 44.Kf2 h4 45.gxh4 
Bxh4+ 46.Ke2 {I'm in Fremont, California.  Where 
are you?}  Kf7 {Sedona,Arizona}  47.Rdc1 {There is 
another player, Mother Teresa, lives near Lake 
Mead. Only a few Americans on this site.}  Bd8 {I 
noticed that,nice site though if you enjoy 
correspondence games.}  48.Rf2 Kf6 49.Rg1 Rh7 
50.Rg4 Rxh3 51.Rxe4 Rxe4 52.Nxe4+ Ke6 53.Nd2 Rh4 
54.Nf3 Rh1 55.Rg2 Kf6 56.Kd3 Rh3 57.Ng1 Rh4 58.b4 
axb4 59.cxb4 Rh1 60.e4 g5 61.exf5 Kxf5 62.Kc4 g4 
63.Ne2 Bc7 64.Rf2+ Ke6 65.d5+ Ke5 66.Rf8 Re1 
67.Rg8 Bd6 68.Re8+ Kf6 69.Re6+ 1/2-1/2

[Event "HCL-B260"]
[Site "www.playchess.de"]
[Date "2001.04.03"]
[Round "3"]
[White "Worf"]
[Black "PDelaquess"]
[WhiteElo "1615"]
[BlackElo "1372"]
[PlyCount "27"]
[Result "1-0"]

1.d4 {hello, good game !}  d5 2.Nf3 Nf6 3.Bf4 c5 
4.c3 cxd4 5.Nxd4 Nbd7 6.Nf3 Qb6 7.Qb3 Qxb3 8.axb3 
Nc5 9.Nbd2 Bg4 10.b4 Ne6 11.Be5 Nd7 12.e3 Nxe5 
13.Nxe5 Bf5 14.Bb5+ 1-0

[Event "HCL-C249"]
[Site "www.playchess.de"]
[Date "2001.04.03"]
[Round "10"]
[White "Elrond"]
[Black "MEATHEAD"]
[WhiteElo "1662"]
[BlackElo "1043"]
[PlyCount "77"]
[Result "1-0"]

1.e4 e5 2.f4 exf4 3.Nf3 c6 4.d4 g5 5.h4 h6 6.hxg5 
Qa5+ 7.Bd2 Qc7 8.e5 d6 9.Bxf4 Qe7 10.Qe2 Bf5 
11.Nc3 Na6 12.Ne4 Bxe4 13.Qxe4 Nb4 14.a3 d5 15.Qe2 
Na6 16.Qd3 b5 17.O-O-O Qd7 18.Re1 O-O-O 19.g3 Kb7 
20.Bh3 Qc7 21.e6 Qe7 22.exf7 Qxf7 23.g6 Qf6 24.Be5 
Qe7 25.Bxh8 Qxe1+ 26.Rxe1 {Is this agony?}  Kb6 
27.Be6 Ne7 28.g7 Bxg7 29.Bxg7 c5 30.dxc5+ Nxc5 
31.Bd4 Nc6 32.Bxc5+ Kxc5 33.b4+ Kb6 34.Nd4 Re8 
35.Qxb5+ Kc7 36.Qxc6+ Kb8 37.Qd6+ Kb7 38.Bxd5+ Kc8 
39.Rxe8+ {thanks for the game} 
 1-0

[Event "HCL-A118"]
[Site "www.playchess.de"]
[Date "2001.04.03"]
[Round "8"]
[White "e2e4"]
[Black "gelus"]
[WhiteElo "1700"]
[BlackElo "2015"]
[PlyCount "54"]
[Result "0-1"]

1.d4 {Hi and funny game :)}  Nf6 2.Nf3 d5 3.e3 Bg4 
4.c4 e6 5.Nc3 Nbd7 6.b3 Bb4 7.Bb2 c5 8.Be2 Qa5 
9.Qc2 Bf5 10.Bd3 Bxd3 11.Qxd3 Ne4 12.Rc1 Qxa2 
13.Qc2 dxc4 14.bxc4 Nxc3 15.Bxc3 Qxc4 16.dxc5 Rc8 
17.Nd2 Qxc3 18.Qxc3 Bxc3 19.Rxc3 Rxc5 20.Nb1 Ke7 
21.Kd2 b5 22.Rhc1 Rhc8 23.R3xc5 Rxc5 24.Rxc5 Nxc5 
25.Nc3 b4 26.Nb5 a5 27.Nd4 Kd6 0-1

[Event "ACL-E011"]
[Site "www.playchess.de"]
[Date "2001.04.03"]
[Round "3"]
[White "dzwonek"]
[Black "Dany"]
[WhiteElo "1687"]
[BlackElo "1419"]
[PlyCount "27"]
[Result "1/2-1/2"]

1.d4 d5 2.Nf3 Nf6 3.c4 c6 4.e3 Bg4 5.Nc3 e6 6.h3 
Bxf3 7.Qxf3 Bd6 8.Bd3 Nbd7 9.cxd5 exd5 10.O-O O-O 
11.e4 dxe4 12.Nxe4 Nxe4 13.Qxe4 Nf6 
14.Qf5 1/2-1/2

[Event "ACL-A138"]
[Site "www.playchess.de"]
[Date "2001.04.03"]
[Round "35"]
[White "Emma2001"]
[Black "Zynaps"]
[WhiteElo "1500"]
[BlackElo "1718"]
[PlyCount "52"]
[Result "0-1"]

1.e4 c6 2.Bc4 d5 3.exd5 cxd5 4.Bb3 Nf6 5.d4 Bf5 
6.Nc3 e6 7.Bg5 Nc6 8.Bxf6 Qxf6 9.Nb5 Qd8 10.c4 
dxc4 11.Bxc4 Bb4+ 12.Kf1 a6 13.Nc3 Nxd4 14.Nf3 Nc2 
15.Qxd8+ Rxd8 16.Rd1 O-O 17.Ke2 Bg4 18.Rxd8 Rxd8 
19.Rd1 Rxd1 20.Kxd1 Nd4 21.Kd2 Bxf3 22.a3 Bxa3 
23.bxa3 Bxg2 24.Kd3 Nf3 25.Ne4 Ne5+ 26.Kd4 
Nxc4 0-1

[Event "ACL-A132"]
[Site "www.playchess.de"]
[Date "2001.04.03"]
[Round "18"]
[White "Yogibear"]
[Black "Think"]
[WhiteElo "1785"]
[BlackElo "1500"]
[PlyCount "42"]
[Result "1/2-1/2"]

1.d3 e6 2.e4 {Hallo, gruß aus Berlin und viel 
Glück im Turnier wünscht Jürgen}  d5 {Hi Spielst 
du immer d3? fragt Claudius aus Dreden}  3.Nd2 {Hi 
Claudius, als Überraschung ja, mit sehr guten 
Ergebnissen, sogar! Also ufpassen, bitte!}  d4 {OK 
ich probiers!;-)}  4.Ngf3 Nc6 {mit welchem Engine 
spielst du?}  5.c3 e5 6.Be2 {mit den grauen Zellen 
! Wenn ich eine benutzen würde,würde ich es 
natürlich nicht zugeben.}  Qf6 {Aha, aber es ist 
ja erlaubt!}  7.O-O {stimmt schon, zumindest bei 
ACL! Denke, dass du bestimmt ein Chess-Base}  Be6 
{woher kommst du?}  8.Nb3 {aus Berlin,spiele im SC 
Lavandevil, 3.Klasse. Bist du auch in einem 
Verein?}  h6 {Ja, spiele eine unter der 
Sachsenliga in der U16 (USV TU Dresden)}  9.cxd4 
{so wirds ein spannendes Match, da gleichwertige 
Gegner!}  exd4 {na ja ich glaub ich lose}  10.Bd2 
{dankeschön im Voraus, aber warten wir erst mal 
den weiteren Verlauf ab!}  Bd6 {ich hoffe das 
Spiel wird spannend viel Glück!:-)}  11.Rc1 
{...dafür kannst du deine Festplatte verwetten!}  
Nge7 12.Nc5 {hab noch kein Konzept!}  Bxc5 13.Rxc5 
O-O 14.Qb1 Rfe8 15.b4 a6 {Du spielst doch nicht 
alleine oder!?}  16.Rfc1 {Nö, meine kabellose Maus 
ist immer dabei!}  Bd7 17.Bd1 Rab8 18.a4 b6 
19.R5c4 b5 20.R4c5 Red8 21.a5 Rbc8 1/2-1/2

[Event "HCL-C264"]
[Site "www.playchess.de"]
[Date "2001.04.03"]
[Round "7"]
[White "WOLFGANG"]
[Black "Toady"]
[WhiteElo "683"]
[BlackElo "687"]
[PlyCount "24"]
[Result "0-1"]

1.e4 e5 2.Nf3 Nc6 3.Bb5 Nf6 4.O-O Nxe4 5.d4 Nxd4 
6.Nxd4 exd4 7.Qxd4 Nd6 8.Bd3 b6 9.Re1+ Be7 10.Bg5 
f6 11.Bxf6 gxf6 12.Qxf6 Rf8 0-1

[Event "HCL-C264"]
[Site "www.playchess.de"]
[Date "2001.04.03"]
[Round "10"]
[White "guigao"]
[Black "WOLFGANG"]
[WhiteElo "1425"]
[BlackElo "683"]
[PlyCount "21"]
[Result "1-0"]

1.e4 c6 2.d4 d5 3.e5 Bf5 4.Nf3 e6 5.Be3 Nd7 6.Bd3 
Bxd3 7.Qxd3 Qc7 8.Nbd2 c5 9.c3 c4 10.Qc2 Be7 
11.O-O 1-0

[Event "HCL-A120"]
[Site "www.playchess.de"]
[Date "2001.04.03"]
[Round "4"]
[White "One_i"]
[Black "Flemming"]
[WhiteElo "1706"]
[BlackElo "1848"]
[PlyCount "62"]
[Result "0-1"]

1.d4 {Good luck to you from Canada}  d5 {Same to 
you from Denmark!}  2.Nf3 Nf6 3.Bf4 Nbd7 4.e3 e6 
5.Bd3 Be7 6.Nbd2 O-O 7.Ne5 c5 8.c3 Ne8 9.Qh5 f5 
10.Ndf3 Ndf6 11.Qh3 Ne4 12.O-O c4 13.Bxe4 fxe4 
14.Nd2 Nd6 15.g4 Bd7 16.Qg2 Be8 17.h3 Bg5 18.Bg3 
Rc8 19.Qh2 Bh4 20.Kg2 Rc7 21.Bxh4 Qxh4 22.Qg3 
Qxg3+ 23.Kxg3 b5 24.a3 a5 25.Rfb1 h5 26.g5 h4+ 
27.Kxh4 Rxf2 28.Nf1 Nf5+ 29.Kg4 g6 30.Ng3 Nxe3+ 
31.Kh4 Ng2+ 0-1

[Event "ACL-A128"]
[Site "www.playchess.de"]
[Date "2001.04.03"]
[Round "6"]
[White "patharp"]
[Black "vijal"]
[WhiteElo "1745"]
[BlackElo "1056"]
[PlyCount "73"]
[Result "1/2-1/2"]

1.e4 e5 2.Nf3 Nc6 3.Bc4 Bc5 4.a3 d6 5.h3 Nf6 6.d3 
h6 7.Nc3 a6 8.b4 Bb6 9.Bb2 O-O 10.Qe2 Nd4 11.Nxd4 
Bxd4 12.Rb1 Be6 13.Bxe6 fxe6 14.O-O d5 15.Kh1 dxe4 
16.Nxe4 Bxb2 17.Nxf6+ Qxf6 18.Rxb2 e4 19.Rb3 exd3 
20.Rxd3 Rad8 21.Rf3 Qe7 22.Rxf8+ Rxf8 23.c4 e5 
24.c5 Qe6 25.Re1 Qb3 26.Qxe5 Qxa3 27.Qd5+ Kh8 
28.Qxb7 Qc3 29.Re7 Qc1+ 30.Kh2 Qf4+ 31.Kh1 Qc1+ 
32.Kh2 Qf4+ 33.Kh1 Qc1+ 34.Kh2 Qf4+ 35.Kh1 Qc1+ 
36.Kh2 Qf4+ 37.Kh1 1/2-1/2

[Event "HCL-B271"]
[Site "www.playchess.de"]
[Date "2001.04.03"]
[Round "3"]
[White "vijal"]
[Black "Outeralert"]
[WhiteElo "740"]
[BlackElo "1500"]
[PlyCount "86"]
[Result "0-1"]

1.d4 d6 2.Nf3 Nf6 3.Bf4 g6 4.e3 Bg7 5.c4 O-O 6.Nc3 
Nbd7 7.Rc1 c5 8.dxc5 Nxc5 9.b4 Nce4 10.Nxe4 Nxe4 
11.Qd3 Bf5 12.Qb3 a5 13.b5 a4 14.Qb4 Qa5 15.Qxa5 
Rxa5 16.Bd3 Bb2 17.Rc2 a3 18.O-O Ng3 19.Bxf5 Nxf5 
20.Rd1 Rc8 21.Nd4 Nxd4 22.exd4 d5 23.Bd2 Ra4 24.c5 
Rxd4 25.Rb1 Rc4 26.Rxc4 dxc4 27.Bc3 Bxc3 28.Rc1 
Rd8 29.g3 Bg7 30.Rxc4 Rc8 31.c6 bxc6 32.Rxc6 Rxc6 
33.bxc6 Be5 34.f4 Bd6 35.Kf2 Kf8 36.Ke3 Ke8 37.Kd4 
e6 38.Kc4 Kd8 39.Kb5 Kc7 40.h3 g5 41.fxg5 Bxg3 
42.Kb4 e5 43.Kxa3 e4 0-1

[Event "HCL-B275"]
[Site "www.playchess.de"]
[Date "2001.04.03"]
[Round "3"]
[White "vijal"]
[Black "Michael"]
[WhiteElo "740"]
[BlackElo "914"]
[PlyCount "35"]
[Result "1-0"]

1.e4 e5 2.Nf3 Qf6 3.Bc4 Nc6 4.d3 Nd4 5.Nxd4 exd4 
6.O-O Bd6 7.Nd2 h5 8.Qe2 g5 9.Nf3 g4 10.Ng5 Kf8 
11.Nxf7 Rh7 12.Nxd6 cxd6 13.f4 gxf3 14.Rxf3 Qxf3 
15.Qxf3+ Ke8 16.Bxg8 Re7 17.Qxh5+ Kd8 
18.Bg5 1-0

[Event "HCL-A109"]
[Site "www.playchess.de"]
[Date "2001.04.03"]
[Round "7"]
[White "One_i"]
[Black "LUCIANO"]
[WhiteElo "1706"]
[BlackElo "1700"]
[PlyCount "39"]
[Result "1-0"]

1.d4 {Good luck to you from Canada}  Nf6 2.Nf3 e6 
3.Bf4 Be7 4.e3 O-O 5.Bd3 d5 6.Nbd2 b6 7.Ne5 Bb7 
8.O-O Nbd7 9.Ndf3 Nh5 10.Bg3 Nxg3 11.fxg3 Nxe5 
12.Nxe5 Bg5 13.Qh5 Bxe3+ 14.Kh1 g6 15.Nxg6 fxg6 
16.Bxg6 Rxf1+ 17.Rxf1 hxg6 18.Qxg6+ Kh8 19.Rf7 Qg8 
20.Qf6+ 1-0